Procedimientos de los tratados Internacionales en el Ecuador

Detalles Bibliográficos
Autor principal: Rivera Veliz, Luis Antonio
Formato: eBook
Lenguaje:español
Publicado: Quito: Editorial Acadm̌ica Espaǫla, 2019
Materias:
Acceso en línea:Acceso restringido

MARC

LEADER 00000nam a22000007a 4500
005 20190930214245.0
007 cr|||| ||||
008 190930s2019 ec |||||s|||| 00||0 spa d
020 |a 9786139279340 
035 |a 25313 
040 |a vLex 
090 |c 9667  |d 9667 
100 1 |a Rivera Veliz, Luis Antonio 
245 1 0 |a Procedimientos de los tratados Internacionales en el Ecuador  |h [Recurso electrn̤ico] /  |c Luis Antonio Rivera Veliz 
256 |a Servicio en ln̕ea 
260 |a Quito:  |b Editorial Acadm̌ica Espaǫla,  |c 2019 
300 |a 1 recurso electrn̤ico 
500 |a Los tratados internacionales son instrumentos legales que facilitan las relaciones entre las naciones. Estos han creado derechos y obligaciones entre las partes firmantes, fomentando y promoviendo la cooperacin̤ y el desarrollo econm̤ico. Para su ratificacin̤ y posterior promulgacin̤ dentro de los Estados y su incorporacin̤ a las fuentes jurd̕icas internas, se establecen procedimientos de diferentes formas. Este trabajo se centr ̤en una: el procedimiento de ratificacin̤ mediante referňdum por iniciativa ciudadana. En Ecuador, este procedimiento se encuentra regulado en el artc̕ulo 420 de la Constitucin̤. El objetivo de la investigacin̤ estuvo centrado en analizar dicho procedimiento. El enfoque de anl̀isis tuvo el carc̀ter de ter̤ico y jurd̕ico. Los resultados permitieron concluir que nos encontramos ante un procedimiento constitucional de democracia directa de enorme importancia, debido a que la ciudadana̕ puede empoderarse de las decisiones pb︢licas tradicionalmente centradas en el Estado y los partidos polt̕icos. 
506 1 |a Disponible solo en los productos indicados  |d vLex Global  |d vLex Global (Academic Edition, excluding Law Schools)  |d vLex Global (U.S. Academic Edition, Law Schools)  |d vLex Global (U.S. Academic Edition, excluding Law Schools)  |d vLex Global (Academic Edition, Law Schools) 
650 0 4 |a Derecho Pb︢lico y Administrativo  |z Ecuador 
740 0 |a vLex Libros (Servicio en ln̕ea) 
856 4 0 |u http://vlex.com/source/25313  |z Acceso restringido 
942 |c BOOK 
999 0 |a Public and Administrative Law